000 00717nam a2200289Ia 4500
005 20260324133200.0
008 008 260324s9999 xx 000 0 eng d
020 _a9780203780428
037 _aEBOOK
040 _aCRL
040 _beng
040 _cCRL
041 _2eng
041 _aeng
084 _qCRL
100 _aJoseph D. Lichtenberg; Frank M. Lachmann; James L. Fosshage
_91171152
245 2 _aA Spirit of Inquiry
245 0 _bCommunication in Psychoanalysis
260 _bTaylor and Francis
260 _c2003
365 _a
365 _b75.99
856 _uhttp://www.taylorfrancis.com/books/9780203780428
942 _cEBOOK
999 _c1790934
_d1790934